[Jujutsu Kaisen] Lieux en image - Statistiques

Statistiques générales
  • Ce quiz a été pris 32 fois
  • Le résultat moyen est 2 sur 12
Statistiques - réponses
Par images Réponse % Correct
Shibuya
92%
Okinawa
21%
École d'exorcisme de Tokyo
17%
Pavillon des étoiles mortes
8%
Eishu : Centre de détention pour mineur
4%
Hôpital de Sugisawa
4%
Lycée Sugisawa 3
4%
Pont de Yasohachi
4%
Collège Renchoku
0%
Collège Urami Higashi
0%
Galerie Hapina
0%
Lycée Satozakura
0%
Aucun quiz correspondant
Distribution des résultats
% des personnes avec chaque résultat
Percentile par nombre de réponses
Votre historique - résultats
Vous n’avez pas pris ce quiz